Introducción a la filosofía ; (Record no. 97667)
[ view plain ]
| 000 -LEADER | |
|---|---|
| campo de control de longitud fija | 00857nam a2200253 i 4500 |
| 001 - NÚMERO DE CONTROL | |
| campo de control | 97667 |
| 003 - IDENTIFICADOR DE NÚMERO DE CONTROL | |
| campo de control | ES-MaACL |
| 005 - FECHA Y HORA DE LA ÚLTIMA TRANSACCIÓN | |
| campo de control | 20250804062739.0 |
| 007 - CAMPO FIJO DE DESCRIPCIÓN FÍSICA--INFORMACIÓN GENERAL | |
| campo de control de longitud fija | t| |
| 008 - DATOS DE LONGITUD FIJA--INFORMACIÓN GENERAL | |
| campo de control de longitud fija | 050715s1958 sp ||||1| spa d |
| 100 1# - ENTRADA PRINCIPAL--NOMBRE DE PERSONA | |
| Nombre de persona | Marías, Julián, |
| Fechas asociadas al nombre | 1914-2005 |
| 9 (RLIN) | 76688 |
| 245 10 - MENCIÓN DEL TÍTULO | |
| Título | Introducción a la filosofía ; |
| Resto del título | Idea de la metafísica ; Biografía de la filosofía / |
| Mención de responsabilidad, etc. | Julián Marías. |
| 246 3# - FORMA VARIANTE DEL TITULO | |
| Título propio/Titulo breve | Idea de la metafísica |
| 246 3# - FORMA VARIANTE DEL TITULO | |
| Título propio/Titulo breve | Biografía de la filosofía |
| 260 ## - PUBLICACIÓN, DISTRIBUCIÓN, ETC. | |
| Lugar de publicación, distribución, etc. | Madrid : |
| Nombre del editor, distribuidor, etc. | Revista de Occidente, |
| Fecha de publicación, distribución, etc. | 1958. |
| 300 ## - DESCRIPCIÓN FÍSICA | |
| Extensión | XXIII, 623 p. ; |
| Dimensiones | 22 cm. |
| 490 1# - MENCIÓN DE SERIE | |
| Mención de serie | Obras de Julián Marías ; |
| Designación de volumen o secuencia | 2 |
| 650 07 - PUNTO DE ACCESO ADICIONAL DE MATERIA--TÉRMINO DE MATERIA | |
| Término de materia o nombre geográfico como elemento de entrada | Filosofía |
| Fuente del encabezamiento o término | embne |
| 9 (RLIN) | 12802 |
| 650 #7 - PUNTO DE ACCESO ADICIONAL DE MATERIA--TÉRMINO DE MATERIA | |
| Término de materia o nombre geográfico como elemento de entrada | Metafísica |
| Fuente del encabezamiento o término | embne |
| 9 (RLIN) | 15012 |
| 650 #4 - PUNTO DE ACCESO ADICIONAL DE MATERIA--TÉRMINO DE MATERIA | |
| Término de materia o nombre geográfico como elemento de entrada | Filosofía- |
| Subdivisión de forma | Historia. |
| 9 (RLIN) | 158248 |
| 830 1# - PUNTO DE ACCESO ADICIONAL DE SERIE-TÍTULO UNIFORME | |
| Título uniforme | Obras de Julián Marías ; |
| Designación de volumen o secuencia | 2 |
| 9 (RLIN) | 184442 |
| 852 ## - LOCALIZACIÓN | |
| Ubicación | ES-MaACL |
| Número de control de estantería | L-1988 |
| Estatus retirado | Estado de pérdida | Estado de daño | No para préstamo | Biblioteca de origen | Biblioteca actual | Ubicación en estantería | Fecha de adquisición | Fuente de adquisición | Total de préstamos | Signatura topográfica completa | Código de barras | Visto por última vez | Precio de reemplazo | Tipo de ítem Koha |
|---|---|---|---|---|---|---|---|---|---|---|---|---|---|---|
| Biblioteca del Ateneo de Madrid | Biblioteca del Ateneo de Madrid | Depósito 2 | 17/01/2008 | L-1988 | 1101955 | 23/02/2023 | 23/02/2023 | Libro impreso |
